[Event "Creteil IM"]
[Site "Creteil"]
[Date "2002.04.23"]
[Round "4"]
[White "Mohandesi, Shahin"]
[Black "Sarthou, Gaetan"]
[Result "1-0"]
[WhiteElo "2342"]
[BlackElo "2385"]
[PlyCount "133"]
[EventDate "2002.04.20"]
[EventType "tourn"]
[EventRounds "9"]
[EventCountry "FRA"]
[EventCategory "4"]
[SourceTitle "CBM 088 Extra"]
[Source "ChessBase"]
[SourceDate "2002.07.01"]
[SourceVersion "2"]
[SourceVersionDate "2002.07.01"]
[SourceQuality "1"]

1. Nf3 Nf6 2. c4 g6 3. Nc3 d5 4. cxd5 Nxd5 5. e4 Nxc3 6. dxc3 Qxd1+ 7. Kxd1 f6 8. Be3 e5 9. Nd2 Nd7 10. Nb3 Bd6 11. Kc2 Ke7 12. a4 b6 13. f3 Bb7 14. Bc4 a6 15. Rhd1 h5 16. h4 Rh7 17. Rh1 Rah8 18. Rh3 Rg7 19. Rah1 Bc6 20. Ra1 a5 21. Bb5 Bxb5 22. axb5 Ra8 23. Nc1 Bc5 24. Bd2 Rh8 25. Nd3 Bd6 26. Be3 Nf8 27. g3 Ne6 28. f4 Rf7 29. Rf1 Ke8 30. Rhh1 exf4 31. gxf4 f5 32. e5 Bf8 33. Rhg1 Rg8 34. Ra1 Rd7 35. Ne1 Kf7 36. Nf3 Bh6 37. Ra4 Rgd8 38. Nd4 Rg8 39. Nxe6 Kxe6 40. Rc4 Kd5 41. b3 Bf8 42. Rd1+ Ke6 43. Rc6+ Ke7 44. Rg1 Ke8 45. Rgxg6 Rxg6 46. Rxg6 Rg7 47. Rf6 Rg3 48. Bd2 Bc5 49. Rxf5 Rg2 50. Rg5 Rh2 51. Kd3 Rh3+ 52. Ke4 Rh2 53. Be3 Re2 54. Rg3 Be7 55. Kd3 Rb2 56. Kc4 Bxh4 57. Rh3 Bf2 58. Rh2 Bxe3 59. Rxb2 Bxf4 60. Rf2 Bg3 61. Rf6 h4 62. Rh6 Kf7 63. Kd5 Kg7 64. Rf6 Be1 65. Rf3 Bg3 66. e6 Bd6 67. Kc6 1-0

[Event "Creteil IM"]
[Site "Creteil"]
[Date "2002.04.22"]
[Round "3"]
[White "Sarthou, Gaetan"]
[Black "Vachier Lagrave, Maxime"]
[Result "0-1"]
[WhiteElo "2385"]
[BlackElo "2302"]
[PlyCount "78"]
[EventDate "2002.04.20"]
[EventType "tourn"]
[EventRounds "9"]
[EventCountry "FRA"]
[EventCategory "4"]
[SourceTitle "CBM 088 Extra"]
[Source "ChessBase"]
[SourceDate "2002.07.01"]
[SourceVersion "2"]
[SourceVersionDate "2002.07.01"]
[SourceQuality "1"]

1. d4 d5 2. Nf3 Nf6 3. c4 e6 4. Nc3 Be7 5. Bg5 0-0 6. e3 h6 7. Bh4 b6 8. Bd3 Bb7 9. 0-0 dxc4 10. Bxc4 Nbd7 11. Qe2 Ne4 12. Bg3 Nxg3 13. hxg3 a6 14. a3 c5 15. Rfd1 b5 16. Ba2 Qb6 17. Rac1 Rfd8 18. d5 c4 19. dxe6 Qxe6 20. a4 Qb6 21. Nd5 Bxd5 22. Rxd5 Nc5 23. Rxd8+ Rxd8 24. axb5 axb5 25. Bb1 Bf6 26. Nd4 Bxd4 27. exd4 Ne6 28. d5 Rxd5 29. b3 cxb3 30. Bh7+ Kh8 31. Be4 Rd8 32. Rb1 Nd4 33. Qd3 Qe6 34. Rd1 b2 35. Rb1 f5 36. Bf3 Qa2 37. Kh1 Rc8 38. Kh2 Nxf3+ 39. gxf3 Rc1 0-1

[Event "Hautes Alpes op 3rd"]
[Site "Laragne"]
[Date "2002.??.??"]
[Round "1.2"]
[White "Billot, Daniel"]
[Black "Sarthou, Gaetan"]
[Result "0-1"]
[WhiteElo "2071"]
[BlackElo "2369"]
[PlyCount "54"]
[EventDate "2002.02.10"]
[EventType "swiss"]
[EventRounds "9"]
[EventCountry "FRA"]
[SourceTitle "CBM 086 Extra"]
[Source "ChessBase"]
[SourceDate "2002.03.14"]
[SourceVersion "1"]
[SourceVersionDate "2002.03.14"]
[SourceQuality "1"]

1. e4 c5 2. c3 g6 3. Bc4 Nf6 4. e5 d5 5. Bb3 c4 6. Ba4+ Nfd7 7. e6 fxe6 8. Nf3 Nc6 9. 0-0 Bg7 10. Re1 e5 11. d4 cxd3 12. Bg5 e4 13. Bxc6 bxc6 14. Qa4 Qb6 15. Nbd2 Qb5 16. Qa3 Qc5 17. b4 Qxc3 18. Qa5 Qxa1 19. Rxa1 Bxa1 20. b5 c5 21. Nb3 Bf6 22. Bxf6 exf6 23. Nh4 Nb6 24. Qd2 g5 25. Nxc5 0-0 26. Nf3 exf3 27. Qxd3 Bg4 0-1

[Event "Hautes Alpes op 3rd"]
[Site "Laragne"]
[Date "2002.??.??"]
[Round "9.1"]
[White "Gelis, Dorian"]
[Black "Sarthou, Gaetan"]
[Result "0-1"]
[WhiteElo "2154"]
[BlackElo "2369"]
[PlyCount "64"]
[EventDate "2002.02.10"]
[EventType "swiss"]
[EventRounds "9"]
[EventCountry "FRA"]
[SourceTitle "CBM 086 Extra"]
[Source "ChessBase"]
[SourceDate "2002.03.14"]
[SourceVersion "1"]
[SourceVersionDate "2002.03.14"]
[SourceQuality "1"]

1. e4 c5 2. Nf3 Nc6 3. Bb5 e6 4. Bxc6 bxc6 5. 0-0 Ne7 6. d3 Ng6 7. Qe2 Be7 8. Be3 d6 9. Nfd2 e5 10. Nb3 0-0 11. N1d2 f5 12. f3 Be6 13. Kh1 Qd7 14. Rad1 Kh8 15. Nc4 Rae8 16. c3 Qb7 17. Qc2 Qa6 18. Ncd2 Rb8 19. Nc1 Rf7 20. b3 Rbf8 21. Rfe1 Bh4 22. Re2 Qb5 23. Nc4 Be7 24. Ree1 fxe4 25. fxe4 Bg4 26. Rd2 d5 27. exd5 cxd5 28. Na3 Qa6 29. Qb2 Rf1+ 30. Rxf1 Rxf1+ 31. Bg1 Bg5 32. Nb1 Be3 0-1

[Event "Hautes Alpes op 3rd"]
[Site "Laragne"]
[Date "2002.??.??"]
[Round "3.2"]
[White "Saez, Frederic"]
[Black "Sarthou, Gaetan"]
[Result "1-0"]
[WhiteElo "2130"]
[BlackElo "2369"]
[PlyCount "97"]
[EventDate "2002.02.10"]
[EventType "swiss"]
[EventRounds "9"]
[EventCountry "FRA"]
[SourceTitle "CBM 086 Extra"]
[Source "ChessBase"]
[SourceDate "2002.03.14"]
[SourceVersion "1"]
[SourceVersionDate "2002.03.14"]
[SourceQuality "1"]

1. e4 c5 2. Nc3 Nc6 3. g3 g6 4. Bg2 Bg7 5. d3 e6 6. f4 Nge7 7. Nf3 d5 8. e5 b5 9. 0-0 b4 10. Ne2 f6 11. exf6 Bxf6 12. g4 0-0 13. Ng3 e5 14. fxe5 Nxe5 15. Bh6 Nxg4 16. Bxf8 Qxf8 17. Qe2 Qh6 18. Rae1 Bd4+ 19. Kh1 Be3 20. h3 d4 21. Nh2 Nxh2 22. Kxh2 Be6 23. Rf6 Bd7 24. Qf3 Re8 25. Qb7 Bg4 26. Ref1 Bg5 27. Ne4 Bh4 28. R6f4 Be2 29. Qd7 Rc8 30. Nf6+ Bxf6 31. Qe6+ Kh8 32. Qxf6+ Qg7 33. Qxg7+ Kxg7 34. Rf7+ Kg8 35. Rxe7 Bxf1 36. Bxf1 Rf8 37. Kg2 Rf7 38. Rxf7 Kxf7 39. Kf3 Kf6 40. Ke4 Ke6 41. Be2 Kd6 42. b3 h6 43. Kf4 Ke6 44. Bg4+ Kd6 45. Bc8 Kd5 46. Bd7 Kd6 47. Be8 g5+ 48. Kf5 Ke7 49. Bh5 1-0

[Event "FRA-chT1"]
[Site "France"]
[Date "2002.??.??"]
[Round "10.5"]
[White "Sarthou, Gaetan"]
[Black "Claverie, Christophe"]
[Result "1/2-1/2"]
[WhiteElo "2369"]
[BlackElo "2363"]
[PlyCount "126"]
[EventDate "2002.02.??"]
[EventType "team"]
[EventRounds "11"]
[EventCountry "FRA"]
[SourceTitle "EXT 2003"]
[Source "ChessBase"]
[SourceDate "2002.11.25"]
[SourceVersion "1"]
[SourceVersionDate "2002.11.25"]
[SourceQuality "1"]
[WhiteTeam "Montpellier"]
[BlackTeam "Mulhouse"]
[WhiteTeamCountry "FRA"]
[BlackTeamCountry "FRA"]

1. d4 Nf6 2. Bg5 d5 3. e3 Ne4 4. Bf4 Bf5 5. f3 Nf6 6. c4 c6 7. Nc3 e6 8. Qb3 Qb6 9. c5 Qxb3 10. axb3 Nbd7 11. b4 Be7 12. g4 Bg6 13. b5 h5 14. g5 Nh7 15. h4 e5 16. Bg3 f6 17. f4 exd4 18. exd4 Bf5 19. b4 Kf7 20. Kd2 Ndf8 21. Bd3 g6 22. bxc6 bxc6 23. Nge2 Ne6 24. Ra6 Rhc8 25. Rha1 Rc7 26. b5 Bxc5 27. Bxf5 gxf5 28. b6 Bxb6 29. Rxb6 axb6 30. Rxa8 Nhf8 31. Nd1 Ng6 32. Ne3 fxg5 33. hxg5 Ne7 34. Rb8 b5 35. Ra8 Rb7 36. Nd1 c5 37. dxc5 Nxc5 38. Bf2 Ne4+ 39. Ke1 b4 40. Bd4 b3 41. Nb2 Nc6 42. Ra6 Rc7 43. Nd3 Nxd4 44. Nxd4 Rc1+ 45. Ke2 Rg1 46. g6+ Ke8 47. Nxb3 h4 48. Ne5 h3 49. Ra8+ Ke7 50. Ra7+ Ke8 51. Nd4 h2 52. Ra8+ Ke7 53. Nxf5+ Kf6 54. Rf8+ Ke6 55. Nd4+ Ke7 56. Rf7+ Ke8 57. Ndc6 Re1+ 58. Kd3 Rd1+ 59. Kc2 Rd2+ 60. Kb3 h1Q 61. Re7+ Kf8 62. Rf7+ Ke8 63. Re7+ Kf8 1/2-1/2

[Event "Hautes Alpes op 3rd"]
[Site "Laragne"]
[Date "2002.??.??"]
[Round "7.2"]
[White "Sarthou, Gaetan"]
[Black "Heran, Raphael"]
[Result "1-0"]
[WhiteElo "2369"]
[BlackElo "2188"]
[PlyCount "87"]
[EventDate "2002.02.10"]
[EventType "swiss"]
[EventRounds "9"]
[EventCountry "FRA"]
[SourceTitle "CBM 086 Extra"]
[Source "ChessBase"]
[SourceDate "2002.03.14"]
[SourceVersion "1"]
[SourceVersionDate "2002.03.14"]
[SourceQuality "1"]

1. d4 Nf6 2. Bg5 g6 3. Bxf6 exf6 4. e3 Bg7 5. g3 d5 6. Bg2 c6 7. Ne2 0-0 8. 0-0 Na6 9. Nd2 Bg4 10. h3 Bxe2 11. Qxe2 f5 12. c3 Nc7 13. Rac1 Re8 14. Qd3 h5 15. h4 Ne6 16. b3 Qf6 17. c4 dxc4 18. bxc4 f4 19. gxf4 Qxh4 20. Nf3 Qg4 21. Ne5 Bxe5 22. fxe5 Rad8 23. Qe4 Ng5 24. Qxg4 hxg4 25. c5 Nf3+ 26. Bxf3 gxf3 27. Rb1 f6 28. exf6 Rd7 29. Kh2 Rf8 30. Kg3 Rxf6 31. Rh1 Rd5 32. Rh4 Rf7 33. Rf4 Rg5+ 34. Kxf3 Rd7 35. a4 Kg7 36. a5 a6 37. Rh1 Rf5 38. Rxf5 gxf5 39. Kf4 Kg6 40. Rg1+ Kf6 41. Rg5 Rd5 42. f3 Ke6 43. Rg6+ Kf7 44. Rh6 1-0

[Event "Hautes Alpes op 3rd"]
[Site "Laragne"]
[Date "2002.??.??"]
[Round "6.1"]
[White "Sarthou, Gaetan"]
[Black "Prie, Eric"]
[Result "1-0"]
[WhiteElo "2369"]
[BlackElo "2497"]
[PlyCount "160"]
[EventDate "2002.02.10"]
[EventType "swiss"]
[EventRounds "9"]
[EventCountry "FRA"]
[SourceTitle "CBM 086 Extra"]
[Source "ChessBase"]
[SourceDate "2002.03.14"]
[SourceVersion "1"]
[SourceVersionDate "2002.03.14"]
[SourceQuality "1"]

1. c4 c6 2. e4 d5 3. cxd5 cxd5 4. exd5 Nf6 5. Nc3 Nxd5 6. d4 Nc6 7. Nf3 Bg4 8. Qb3 Bxf3 9. gxf3 e6 10. Qxb7 Nxd4 11. Bb5+ Nxb5 12. Qc6+ Ke7 13. Qxb5 Qd7 14. Nxd5+ Qxd5 15. Qxd5 exd5 16. Be3 Ke6 17. 0-0 Bb4 18. a3 Ba5 19. Rac1 Rhd8 20. Bd4 Bb6 21. Rfe1+ Kd6 22. Be5+ Kd7 23. Rcd1 Kc6 24. Re2 f6 25. Rc2+ Kb7 26. Bd4 Rd7 27. Rd3 Rc8 28. Rcd2 Rc1+ 29. Kg2 Kc6 30. Bc3 Rb1 31. Rc2 Kb5 32. Bd4 Rd6 33. Bxb6 axb6 34. Rcd2 Kc4 35. Rc3+ Kb5 36. Rc7 g5 37. Rxh7 Kc4 38. Rc7+ Kb3 39. Rc3+ Ka2 40. Rcc2 Kb3 41. Rc3+ Ka2 42. Rcc2 Kb3 43. f4 gxf4 44. Rc3+ Ka2 45. b4+ Rb2 46. Rdd3 b5 47. Rd4 Rb3 48. Rc5 Kxa3 49. Rxb5 f5 50. Ra5+ Kb2 51. Rd2+ Kc3 52. Raxd5 Rg6+ 53. Kf3 Rxb4 54. R5d3+ Kc4 55. Rd4+ Kc3 56. R4d3+ Kc4 57. Rd4+ Kc3 58. R2d3+ Kc2 59. Rxb4 Kxd3 60. Rxf4 Rg5 61. h3 Rh5 62. h4 Kd2 63. Rd4+ Kc3 64. Ra4 Kd3 65. Rf4 Kd2 66. Rd4+ Kc3 67. Ke3 Rh8 68. Rd5 Rh5 69. Rc5+ Kb4 70. Re5 Kc4 71. f4 Rxh4 72. Rxf5 Rh3+ 73. Ke4 Rh2 74. Re5 Rh8 75. Re7 Kc5 76. Ke5 Kc6 77. f5 Rh5 78. Ke6 Rh1 79. f6 Re1+ 80. Kf7 Rf1 1-0